Travel Medicine / (Record no. 171006)

MARC details
000 -LEADER
fixed length control field 01096nam a22003257a 4500
003 - CONTROL NUMBER IDENTIFIER
control field OSt
005 - DATE AND TIME OF LATEST TRANSACTION
control field 20250613130656.0
008 - FIXED-LENGTH DATA ELEMENTS--GENERAL INFORMATION
fixed length control field 240903b |||||||| |||| 00| 0 eng d
020 ## - INTERNATIONAL STANDARD BOOK NUMBER
International Standard Book Number 9780323546966 (Hardcover)
Terms of availability USD 97.00
040 ## - CATALOGING SOURCE
Original cataloging agency NUST
Language of cataloging eng
Transcribing agency NUST
Modifying agency NUST
Description conventions rda
050 ## - LIBRARY OF CONGRESS CALL NUMBER
Classification number RA783.5 KEY
100 ## - MAIN ENTRY--PERSONAL NAME
Personal name Keystone, Jay S
Relator term Author
Fuller form of name Jay S Keytone
245 ## - TITLE STATEMENT
Title Travel Medicine /
Statement of responsibility, etc. Keystone, Jay S
250 ## - EDITION STATEMENT
Edition statement Fourth edition.
260 ## - PUBLICATION, DISTRIBUTION, ETC.
Place of publication, distribution, etc. Edinburgh :
Name of publisher, distributor, etc. Elsevier,
Date of publication, distribution, etc. ©2019.
300 ## - PHYSICAL DESCRIPTION
Extent xiii, 562 pages :
Other physical details Illustrations ;
Dimensions 28 cm.
336 ## - CONTENT TYPE
Source rdamedia
Content type term text
Content type code txt
337 ## - MEDIA TYPE
Source rdamedia
Media type term unmediated
Media type code n
338 ## - CARRIER TYPE
Source rdamedia
Carrier type term volume
Carrier type code nc
504 ## - BIBLIOGRAPHY, ETC. NOTE
Bibliography, etc. note Includes bibliographical references and index.
650 ## - SUBJECT ADDED ENTRY--TOPICAL TERM
Form subdivision Travel - health aspects
650 ## - SUBJECT ADDED ENTRY--TOPICAL TERM
Form subdivision Travel
650 ## - SUBJECT ADDED ENTRY--TOPICAL TERM
Form subdivision Travel medicine - methods
700 ## - ADDED ENTRY--PERSONAL NAME
Personal name Kozarsky, Phyllis E.
Relator term Author
700 ## - ADDED ENTRY--PERSONAL NAME
Personal name Connor, Bradley A.
Relator term Author
700 ## - ADDED ENTRY--PERSONAL NAME
Personal name Nothdurft, Hans D.
Relator term Author
700 ## - ADDED ENTRY--PERSONAL NAME
Personal name Mendelson, Marc
Relator term Author
700 ## - ADDED ENTRY--PERSONAL NAME
Personal name Leder, Karin
Relator term Author
942 ## - ADDED ENTRY ELEMENTS (KOHA)
Source of classification or shelving scheme Library of Congress Classification
Koha item type Ordinary Loan Books
Edition Fouth edition.
Classification part RA783.5 KEY
Call number prefix RA
Call number suffix KEY
Suppress in OPAC No
Holdings
Withdrawn status Lost status Source of classification or shelving scheme Damaged status Not for loan Collection Home library Current library Shelving location Date acquired Source of acquisition Cost, normal purchase price Total Checkouts Full call number Barcode Date last seen Accession number Cost, replacement price Price effective from Koha item type Public note
    LCC     NFIC MEDICAL MEDICAL GEN 01/30/2025 Book Aid International 97.00   RA783.5 KEY 92004054757 01/30/2025 62199 97.00 01/30/2025 BOOKS Donation
    LCC     NFIC MEDICAL MEDICAL GEN 06/13/2025 Book Aid International 97.00   RA783.5 KEY 92004052487 06/13/2025 59863 97.00 06/13/2025 BOOKS Donation